000 00823nam a2200277Ia 4500
003 OSt
005 20220928124115.0
006 a|||||r|||| 00| 0
007 ta
008 220927b |||||||| |||| 00| 0 eng d
020 _c10641.4
024 _a129754
037 _b211, 08/03/2016, Excel Book International
_cTextual
040 _aSDCL
_cSDCL
_beng
041 _2eng
_aeng
082 _aG:424:f3, Q5
100 _aGhannoum Mahmoud Ed.
_9463384
245 0 _aMicrobial biofilms
250 _a2nd
260 _aWashington
_bASM Press
_c2015
300 _axv,403p
_ccm.
650 _aMicrobiology
700 _a Parsek Matthew Ed.
_9463385
942 _hG:424:f3, Q5
_cTEXL
_2CC
999 _c776303
_d776303